<?xml version="1.0" encoding="UTF-8"?>
<record
    xmlns:xsi="http://www.w3.org/2001/XMLSchema-instance"
    xsi:schemaLocation="http://www.loc.gov/MARC21/slim http://www.loc.gov/standards/marcxml/schema/MARC21slim.xsd"
    xmlns="http://www.loc.gov/MARC21/slim">

  <leader>00703nam a22001577a 4500</leader>
  <controlfield tag="003">OSt</controlfield>
  <controlfield tag="005">20190823093939.0</controlfield>
  <controlfield tag="008">190823b        xxu||||| |||| 00| 0 eng d</controlfield>
  <datafield tag="040" ind1=" " ind2=" ">
    <subfield code="c">RUA</subfield>
  </datafield>
  <datafield tag="082" ind1=" " ind2=" ">
    <subfield code="a">AGR KOR 2018 B644 Or.1</subfield>
  </datafield>
  <datafield tag="100" ind1=" " ind2=" ">
    <subfield code="9">13843</subfield>
    <subfield code="a">KORNG CHHENGHAHK &#x1780;&#x1784; &#x1786;&#x17C1;&#x1784;&#x17A0;&#x17B6;&#x1780;&#x17CB;</subfield>
  </datafield>
  <datafield tag="245" ind1=" " ind2=" ">
    <subfield code="a">comp arison of potassium chloride rates on growth and yield of chinese radish (raphanus sativus.l) &#x1780;&#x17B6;&#x179A;&#x1794;&#x17D2;&#x179A;&#x17C0;&#x1794;&#x1792;&#x17C0;&#x1794;&#x1780;&#x1798;&#x17D2;&#x179A;&#x17B7;&#x178F;&#x1787;&#x17B8;&#x1794;&#x17C9;&#x17BC;&#x178F;&#x17B6;&#x179F;&#x17D2;&#x1799;&#x17BC;&#x1798;&#x1780;&#x17D2;&#x179B;&#x179A;&#x17BD;&#x1791;&#x17C5;&#x179B;&#x17BE;&#x1780;&#x17B6;&#x179A;&#x179B;&#x17BC;&#x178F;&#x179B;&#x17B6;&#x179F;&#x17CB; &#x1793;&#x17B7;&#x1784;&#x1791;&#x17B7;&#x1793;&#x17D2;&#x1793;&#x1795;&#x179B;&#x178A;&#x17C6;&#x178E;&#x17B6;&#x17C6;&#x1786;&#x17C3;&#x1790;&#x17B6;&#x179C;</subfield>
  </datafield>
  <datafield tag="260" ind1=" " ind2=" ">
    <subfield code="a">phnom penh </subfield>
    <subfield code="b">rua</subfield>
    <subfield code="c">2018</subfield>
  </datafield>
  <datafield tag="300" ind1=" " ind2=" ">
    <subfield code="a">xi;32p;</subfield>
    <subfield code="b">ill;</subfield>
    <subfield code="c">29cm;</subfield>
  </datafield>
  <datafield tag="942" ind1=" " ind2=" ">
    <subfield code="2">ddc</subfield>
    <subfield code="c">AGR</subfield>
  </datafield>
  <datafield tag="999" ind1=" " ind2=" ">
    <subfield code="c">18171</subfield>
    <subfield code="d">18171</subfield>
  </datafield>
  <datafield tag="952" ind1=" " ind2=" ">
    <subfield code="0">0</subfield>
    <subfield code="1">0</subfield>
    <subfield code="2">ddc</subfield>
    <subfield code="4">0</subfield>
    <subfield code="6">AGR_KOR_2018_000000000000000_B644_OR_1</subfield>
    <subfield code="7">0</subfield>
    <subfield code="9">81219</subfield>
    <subfield code="a">LBB</subfield>
    <subfield code="b">LBB</subfield>
    <subfield code="c">B644</subfield>
    <subfield code="d">2019-08-23</subfield>
    <subfield code="o">AGR KOR 2018 B644 Or.1</subfield>
    <subfield code="p">A44320</subfield>
    <subfield code="r">2019-08-23</subfield>
    <subfield code="w">2019-08-23</subfield>
    <subfield code="y">AGR</subfield>
  </datafield>
  <datafield tag="952" ind1=" " ind2=" ">
    <subfield code="0">0</subfield>
    <subfield code="1">0</subfield>
    <subfield code="2">ddc</subfield>
    <subfield code="4">0</subfield>
    <subfield code="6">AGR_KOR_2018_000000000000000_B644_OR_2</subfield>
    <subfield code="7">0</subfield>
    <subfield code="9">81220</subfield>
    <subfield code="a">LBB</subfield>
    <subfield code="b">LBB</subfield>
    <subfield code="c">B644</subfield>
    <subfield code="d">2019-08-23</subfield>
    <subfield code="l">2</subfield>
    <subfield code="o">AGR KOR 2018 B644 Or.2</subfield>
    <subfield code="p">A42477</subfield>
    <subfield code="r">2023-09-25</subfield>
    <subfield code="s">2023-09-11</subfield>
    <subfield code="w">2019-08-23</subfield>
    <subfield code="y">AGR</subfield>
  </datafield>
  <datafield tag="952" ind1=" " ind2=" ">
    <subfield code="0">0</subfield>
    <subfield code="1">0</subfield>
    <subfield code="2">ddc</subfield>
    <subfield code="4">0</subfield>
    <subfield code="6">AGR_KOR_2018_000000000000000_B644_OR_3</subfield>
    <subfield code="7">0</subfield>
    <subfield code="9">81221</subfield>
    <subfield code="a">LBB</subfield>
    <subfield code="b">LBB</subfield>
    <subfield code="c">B644</subfield>
    <subfield code="d">2019-08-23</subfield>
    <subfield code="l">7</subfield>
    <subfield code="o">AGR KOR 2018 B644 Or.3</subfield>
    <subfield code="p">A43479</subfield>
    <subfield code="r">2025-01-10</subfield>
    <subfield code="s">2024-12-10</subfield>
    <subfield code="w">2019-08-23</subfield>
    <subfield code="y">AGR</subfield>
  </datafield>
  <datafield tag="952" ind1=" " ind2=" ">
    <subfield code="0">0</subfield>
    <subfield code="1">0</subfield>
    <subfield code="2">ddc</subfield>
    <subfield code="4">0</subfield>
    <subfield code="6">AGR_KOR_2018_000000000000000_B644_OR_4</subfield>
    <subfield code="7">0</subfield>
    <subfield code="9">81222</subfield>
    <subfield code="a">LBB</subfield>
    <subfield code="b">LBB</subfield>
    <subfield code="c">B644</subfield>
    <subfield code="d">2019-08-23</subfield>
    <subfield code="l">2</subfield>
    <subfield code="o">AGR KOR 2018 B644 Or.4</subfield>
    <subfield code="p">A42959</subfield>
    <subfield code="r">2026-02-20</subfield>
    <subfield code="s">2026-01-20</subfield>
    <subfield code="w">2019-08-23</subfield>
    <subfield code="y">AGR</subfield>
  </datafield>
  <datafield tag="952" ind1=" " ind2=" ">
    <subfield code="0">0</subfield>
    <subfield code="1">0</subfield>
    <subfield code="2">ddc</subfield>
    <subfield code="4">0</subfield>
    <subfield code="6">AGR_KOR_2018_000000000000000_B644_OR_5</subfield>
    <subfield code="7">0</subfield>
    <subfield code="9">81223</subfield>
    <subfield code="a">LBB</subfield>
    <subfield code="b">LBB</subfield>
    <subfield code="c">B644</subfield>
    <subfield code="d">2019-08-23</subfield>
    <subfield code="l">4</subfield>
    <subfield code="o">AGR KOR 2018 B644 Or.5</subfield>
    <subfield code="p">A43854</subfield>
    <subfield code="r">2024-01-15</subfield>
    <subfield code="s">2023-12-13</subfield>
    <subfield code="w">2019-08-23</subfield>
    <subfield code="y">AGR</subfield>
  </datafield>
  <datafield tag="952" ind1=" " ind2=" ">
    <subfield code="0">0</subfield>
    <subfield code="1">0</subfield>
    <subfield code="2">ddc</subfield>
    <subfield code="4">0</subfield>
    <subfield code="6">AGR_KOR_2018_000000000000000_B644_OR_6</subfield>
    <subfield code="7">0</subfield>
    <subfield code="9">81224</subfield>
    <subfield code="a">LBB</subfield>
    <subfield code="b">LBB</subfield>
    <subfield code="c">B644</subfield>
    <subfield code="d">2019-08-23</subfield>
    <subfield code="l">3</subfield>
    <subfield code="o">AGR KOR 2018 B644 Or.6</subfield>
    <subfield code="p">A44009</subfield>
    <subfield code="r">2025-05-19</subfield>
    <subfield code="s">2025-05-02</subfield>
    <subfield code="w">2019-08-23</subfield>
    <subfield code="y">AGR</subfield>
  </datafield>
</record>
